000 00318pab a2200145 454500
008 180718b2002 xxu||||| |||| 00| 0 eng d
100 _aClark, John
245 _aInfluencing institutions
260 _c2002
300 _ap.22-26.
362 _aJun
650 _aOrganizations
773 _aSeminar
909 _a52545
999 _c52545
_d52545